000 01200nam a22003377a 4500
003 CHAP
005 20220329143455.0
008 091204s1967 mx r 00010 spa d
010 _a97200
011 _a98172
035 _a108855
040 _cCHAP
090 _aFolleto 17440y
100 0 0 _aGulich, A. R.
_951451
245 1 0 _aManual de clasificación de volatería
_c/por A. R. Gulich y J. C. Fitzgerald
260 _aMéxico, D.F. :
_bCentro Regional de Ayuda Técnica,
_c1967
300 _a38 p. :
_bilus.
490 _aE.U.A. Department of Agriculture. Agriculture handbook
_v; 31
534 _pTít. original :
_tPoultry grading manual
590 _aBATCH-UPD
_b10
_c20130110
_lUCH01
_h1222
590 _aBATCH-UPD
_b10
_c20130410
_lUCH01
_h0756
590 _aBATCH-UPD
_b10
_c20130914
_lUCH01
_h0452
590 _aCONVERSION
_b10
_c20130109
_lUCH01
_h1354
650 1 4 _aAves de corral
_xAnatomía.
_98639
650 1 4 _aAves de corral
_xNormas de calidad.
_98670
700 0 _aFitzgerarld, J. C.
_941196
830 0 _aE.U.A. Department of Agriculture. Agriculture handbook
_v; 31
_934878
901 _aBK
942 _cFOLL
949 _aFolleto 17440y
_bBC
_cFOLL
_d33724002106124
_eTS1
_i108855
_sb
999 _c97200
_d97200